| 000 | 00582nam a2200193Ia 4500 | ||
|---|---|---|---|
| 003 | GCL | ||
| 008 | 140319s9999 xx 000 0 ara d | ||
| 040 |
_aGCL / _cGCL |
||
| 082 | 0 | 4 |
_a418 _bف ق |
| 100 | 1 | _aفؤاد اسحق الخورى | |
| 245 | 1 | 0 |
_aقواعد ابن اسحق للتأليف والتصحيح والنشر / _cفؤاد اسحق الخورى |
| 700 | 1 | _aسونيا جلبوط الخورى | |
| 300 | _a164 ص | ||
| 490 | _a | ||
| 650 | 0 | 4 | _aتاريخ |
| 650 | 0 | 4 | _aاللغة العربية |
| 650 | 0 | 4 | _aفقه اللغة العربية |
| 942 |
_2ddc _cBK |
||
| 999 |
_c43986 _d43986 |
||